[Event "SLO-ch qual"]
[Site "Otocec"]
[Date "2009.07.11"]
[Round "8"]
[White "Plavec, Joze"]
[Black "Plaskan, Jure"]
[Result "0-1"]
[WhiteElo "1647"]
[BlackElo "2187"]
[PlyCount "82"]
[EventDate "2009.07.07"]
[EventType "swiss"]
[EventRounds "9"]
[EventCountry "SLO"]
[SourceTitle "EXT 2010"]
[Source "ChessBase"]
[SourceDate "2010.11.25"]
[SourceVersion "1"]
[SourceVersionDate "2010.11.25"]
[SourceQuality "1"]

1. d4 Nf6 2. c4 c5 3. e3 e6 4. Bd3 d5 5. Nc3 Nc6 6. Nf3 Be7 7. 0-0 0-0 8. h3 b6 9. b3 Nb4 10. Be2 Bb7 11. Bb2 Rc8 12. a3 Nc6 13. cxd5 exd5 14. a4 Ne4 15. dxc5 Nb4 16. Nxe4 dxe4 17. Qd4 Qxd4 18. Nxd4 Bxc5 19. Nf5 f6 20. Rfd1 Rcd8 21. Bc4+ Kh8 22. Rxd8 Rxd8 23. Nh6 Bd5 24. Nf7+ Bxf7 25. Bxf7 Rd6 26. a5 b5 27. Bc3 Nd3 28. Kf1 g6 29. Ke2 a6 30. Rd1 Kg7 31. b4 Kxf7 32. bxc5 Rc6 33. Bd4 Ke6 34. f3 f5 35. Rf1 Nxc5 36. g4 exf3+ 37. Rxf3 Nb3 38. gxf5+ gxf5 39. Bb6 Rc2+ 40. Kd3 Rg2 41. Rf4 Nc1+ 0-1

[Event "SLO-ch qual"]
[Site "Otocec"]
[Date "2009.07.09"]
[Round "4"]
[White "Drnovsek, Gal"]
[Black "Plavec, Joze"]
[Result "1-0"]
[WhiteElo "1635"]
[BlackElo "1647"]
[PlyCount "73"]
[EventDate "2009.07.07"]
[EventType "swiss"]
[EventRounds "9"]
[EventCountry "SLO"]
[SourceTitle "EXT 2010"]
[Source "ChessBase"]
[SourceDate "2010.11.25"]
[SourceVersion "1"]
[SourceVersionDate "2010.11.25"]
[SourceQuality "1"]

1. d4 d5 2. Nf3 Nf6 3. e3 e6 4. c4 c6 5. Nc3 Be7 6. Bd3 0-0 7. 0-0 dxc4 8. Bxc4 Nd5 9. e4 Nxc3 10. bxc3 b6 11. Be3 Bb7 12. Ne1 Ba6 13. Bxa6 Nxa6 14. f4 c5 15. Qe2 Qc8 16. Nd3 Rd8 17. f5 exf5 18. Rxf5 cxd4 19. cxd4 g6 20. Rf2 f6 21. Nf4 Nb4 22. d5 Qa6 23. Qxa6 Nxa6 24. Ne6 Rd6 25. Raf1 Rxe6 26. dxe6 Nc5 27. Kh1 Nxe6 28. Rd2 Bc5 29. Bxc5 Nxc5 30. Rd4 Kf7 31. g4 Rf8 32. Kg2 g5 33. Rf5 Kg6 34. e5 Ne6 35. Rd6 Nf4+ 36. Kf3 Rc8 37. Rdxf6+ 1-0

[Event "SLO-ch qual"]
[Site "Otocec"]
[Date "2009.07.09"]
[Round "5"]
[White "Plavec, Joze"]
[Black "Urbanc, Maja"]
[Result "1-0"]
[WhiteElo "1647"]
[BlackElo "1565"]
[PlyCount "67"]
[EventDate "2009.07.07"]
[EventType "swiss"]
[EventRounds "9"]
[EventCountry "SLO"]
[SourceTitle "EXT 2010"]
[Source "ChessBase"]
[SourceDate "2010.11.25"]
[SourceVersion "1"]
[SourceVersionDate "2010.11.25"]
[SourceQuality "1"]

1. Nf3 Nf6 2. d4 g6 3. c4 Bg7 4. Nc3 0-0 5. e4 d6 6. h3 c5 7. d5 Nbd7 8. Bd3 Ne8 9. 0-0 Ne5 10. Nxe5 Bxe5 11. Be3 f5 12. f4 Bg7 13. exf5 Bxf5 14. Bxf5 Rxf5 15. g4 Rf8 16. Qd3 Qd7 17. Rf2 Kh8 18. Raf1 Nc7 19. f5 gxf5 20. Rxf5 e6 21. Rh5 Rxf1+ 22. Kxf1 Rf8+ 23. Ke2 Be5 24. dxe6 Nxe6 25. Rxe5 Qe7 26. Nd5 Qd7 27. Re4 Qf7 28. Kd2 Re8 29. Qc3+ Ng7 30. Rxe8+ Qxe8 31. Bh6 Qe5 32. Qxe5 dxe5 33. Bxg7+ Kxg7 34. Ke3 1-0

[Event "SLO-ch qual"]
[Site "Otocec"]
[Date "2009.07.07"]
[Round "1"]
[White "Gantar, Jan"]
[Black "Plavec, Joze"]
[Result "1-0"]
[WhiteElo "2011"]
[BlackElo "1647"]
[PlyCount "71"]
[EventDate "2009.07.07"]
[EventType "swiss"]
[EventRounds "9"]
[EventCountry "SLO"]
[SourceTitle "EXT 2010"]
[Source "ChessBase"]
[SourceDate "2010.11.25"]
[SourceVersion "1"]
[SourceVersionDate "2010.11.25"]
[SourceQuality "1"]

1. e4 c6 2. d4 d5 3. Nc3 e6 4. Nf3 g6 5. e5 Nd7 6. Bd3 c5 7. dxc5 Nxc5 8. 0-0 Bd7 9. Nb5 a6 10. Nbd4 Ne7 11. c3 Nxd3 12. Qxd3 Bg7 13. Bg5 0-0 14. Rfe1 Qe8 15. Qd2 Kh8 16. Bh6 Rg8 17. h4 Qf8 18. Bxg7+ Qxg7 19. Nh2 h5 20. Nhf3 Nc6 21. Ng5 Nxd4 22. Qxd4 Rac8 23. Qf4 Rgf8 24. Rad1 f6 25. Nf3 f5 26. Re3 Rc4 27. Nd4 Kh7 28. Rg3 Rfc8 29. Rg5 b5 30. Rd3 Qf7 31. g4 hxg4 32. Rxg4 Kg7 33. Rg5 Rh8 34. Rdg3 Rh6 35. h5 Kh8 36. Rxf5 1-0